00309 a2200109 4500020001500000082001000015100001300025245010500038250000700143260004100150300000800191 a8170996503 a352.5 aDayal R. aManagement in GovernmentbEncyclopedia of Economics Commerece and ManagementcR. DayalhP. Zachariah a16 aNew DelhibMittal Publicationsc1996 a371